| 000 | 01339pam a2200373 a 4500 | ||
|---|---|---|---|
| 999 |
_c28709 _d28680 |
||
| 001 | 3906512 | ||
| 003 | EG-ScBUE | ||
| 005 | 20200913095831.0 | ||
| 008 | 910809t1995 txua f bd 001 0 eng d | ||
| 020 | _a9780815167167 | ||
| 020 | _a0815197164 | ||
| 040 |
_aDLC _beng _erda _cDLC _dDLC _dEG-ScBUE |
||
| 082 | 0 | 4 |
_a613.0434 _bPAY _222 |
| 100 | 1 |
_aPayne, Wayne A., _eauthor. |
|
| 245 | 1 | 0 |
_aUnderstanding your health / _cWayne A. Payne, Ed.D., Dale B. Hahn, Ph.D., Ball State University, Muncie, Indiana. |
| 250 | _aFourth edition. | ||
| 264 | 1 |
_aMissouri : _bMosby-Year Book, Inc., _c[1995] |
|
| 264 | 4 | _cc1995 | |
| 300 |
_a1 volume (various pagings) : _bcolor illustrations ; _c28 cm |
||
| 336 |
_2rdacontent _atext _btxt |
||
| 337 |
_2rdamedia _aunmediated _bn |
||
| 338 |
_2rdacarrier _avolume _bnc |
||
| 500 | _aIncludes appendices. | ||
| 500 | _aIncludes glossary. | ||
| 504 | _aIncludes bibliographical references and index. | ||
| 650 | 7 |
_aHealth. _2BUEsh |
|
| 650 | 7 |
_aCollege students _xHealth and hygiene. _2BUEsh |
|
| 653 |
_bGGEN _cSeptember2020 |
||
| 655 |
_vReading book _934232 |
||
| 700 | 1 |
_aHahn, Dale B., _eauthor. |
|
| 906 |
_a7 _bcbc _corignew _d1 _eocip _f19 _gy-gencatlg |
||
| 942 |
_2ddc _cBB |
||